| 000 | 00988nam a22002897a 4500 | ||
|---|---|---|---|
| 001 | 7982 | ||
| 003 | FISKH | ||
| 005 | 20250815162846.0 | ||
| 008 | 250815b cb ||||| |||| 00| 0 eng d | ||
| 020 | _a9780545057370 | ||
| 040 |
_aFISKH _beng _cFISKH _dFISKH |
||
| 050 | _aCT217 .R66 | ||
| 082 | _a973.099 | ||
| 100 | _aRoop, Peter | ||
| 245 |
_aTales of famous Americans / _cBy Connie and Peter Roop |
||
| 250 | _aFirst Scholastic paperback printing, January 2008 | ||
| 260 |
_aNew York : _bScholastic , _c2007. |
||
| 300 |
_a108 pages : _bcolor illustrations ; _c28 cm . |
||
| 505 | _aR | ||
| 520 | _a"A perfect introduction to some of the people who built, changed, and challenged our nation. Tales of famous Americans is sure to delight young readers"--Page 4 of cover. | ||
| 521 | 8 |
_a740
_bLexile |
|
| 521 | 8 |
_aR
_bRaz-Plus |
|
| 650 |
_aFamous Americans _vNon-fiction |
||
| 700 |
_aPowell, Charlie _eIllustrator |
||
| 942 |
_2ddc _cBK _n0 |
||
| 999 |
_c7982 _d7982 |
||